| Tag |
First Indicator |
Second Indicator |
Subfields |
| LEADER |
00000nam a22000004a 4500 |
| 001 |
in00004689321 |
| 006 |
m o d |
| 007 |
cr ||||||||||| |
| 008 |
880107s1988 nyua ob 001 0 eng d |
| 005 |
20260214211946.2 |
| 020 |
|
|
|a 0471846929
|q (pbk.)
|
| 020 |
|
|
|a 9780471846925
|q (pbk.)
|
| 020 |
|
|
|a 3527602836
|q (electronic bk.)
|
| 020 |
|
|
|a 9783527602834
|q (electronic bk.)
|
| 020 |
|
|
|a 1280561017
|
| 020 |
|
|
|a 9781280561016
|
| 020 |
|
|
|a 9786610561018
|
| 020 |
|
|
|a 661056101X
|
| 024 |
7 |
|
|a 10.1002/3527602836
|2 doi
|
| 035 |
|
|
|a wil6007436
|
| 035 |
|
|
|a (NhCcYBP)wil6007436
|
| 040 |
|
|
|a NhCcYBP
|b eng
|c NhCcYBP
|
| 042 |
|
|
|a dlr
|
| 050 |
|
4 |
|a QA274.75
|b .G48 1988
|
| 080 |
0 |
0 |
|a 512.747.5
|
| 082 |
0 |
4 |
|a 515.3/53
|2 19
|
| 084 |
|
|
|a 31.45
|2 bcl
|
| 084 |
|
|
|a 50.38
|2 bcl
|
| 100 |
1 |
|
|a Ghez, Richard.
|
| 245 |
1 |
2 |
|a A primer of diffusion problems /
|c Richard Ghez.
|
| 260 |
|
|
|a New York :
|b Wiley,
|c 1988.
|
| 300 |
|
|
|a 1 online resource (xiii, 243 pages) :
|b illustrations
|
| 336 |
|
|
|a text
|b txt
|2 rdacontent
|
| 337 |
|
|
|a computer
|b c
|2 rdamedia
|
| 338 |
|
|
|a online resource
|b cr
|2 rdacarrier
|
| 504 |
|
|
|a Includes bibliographical references and index.
|
| 588 |
0 |
|
|a Print version record.
|
| 533 |
|
|
|a Electronic reproduction.
|b [Place of publication not identified] :
|c HathiTrust Digital Library,
|d 2010.
|5 MiAaHDL
|
| 538 |
|
|
|a Master and use copy. Digital master created according to Benchmark for Faithful Digital Reproductions of Monographs and Serials, Version 1. Digital Library Federation, December 2002.
|u http://purl.oclc.org/DLF/benchrepro0212
|5 MiAaHDL
|
| 583 |
1 |
|
|a digitized
|c 2010
|h HathiTrust Digital Library
|l committed to preserve
|2 pda
|5 MiAaHDL
|
| 546 |
|
|
|a English.
|
| 505 |
0 |
|
|a The Diffusion Equation -- Steady-State Examples -- Diffusion under External -- Simple Time-Dependent -- An Introduction to Similarity -- A User's Guide to the Laplace Transform -- Further Time-Dependent.
|
| 520 |
|
|
|a Provides an introduction to diffusion theory and the various analytical and numerical methods of solution. It presents an integrated set of real-life problems taken mainly from metallurgy and device processing, and offers an overview of the solution of diffusion problems in practical cases.
|
| 650 |
|
0 |
|a Diffusion processes
|x Mathematical models.
|
| 650 |
|
0 |
|a Differential equations, Partial.
|
| 655 |
|
4 |
|a Electronic books.
|
| 776 |
0 |
8 |
|i Print version:
|a Ghez, Richard.
|t Primer of diffusion problems.
|d New York : Wiley, 1988
|z 0471846929
|w (DLC) 87037284
|
| 856 |
4 |
0 |
|u http://proxy.library.tamu.edu/login?url=https://onlinelibrary.wiley.com/book/10.1002/3527602836
|z Connect to the full text of this electronic book
|t 0
|
| 955 |
|
|
|a Wiley EBA record
|
| 975 |
|
|
|p Wiley UBCM Full Collection 2026
|
| 999 |
f |
f |
|s 278fdaaf-646f-4ae7-8287-6d67707320a2
|i 973f45f1-3009-4e9e-a759-8691076a8667
|t 0
|
| 952 |
f |
f |
|a Texas A&M University
|b College Station
|c Electronic Resources
|s evans_pda
|d Available Online
|t 0
|e QA274.75 .G48 1988
|h Library of Congress classification
|
| 998 |
f |
f |
|a QA274.75 .G48 1988
|t 0
|l Available Online
|